Normal view
MARC view
Entry Topical Term
001 - CONTROL NUMBER
- control field: 27054
003 - CONTROL NUMBER IDENTIFIER
- control field: dpl
005 - DATE AND TIME OF LATEST TRANSACTION
- control field: 20110405115241.0
008 - FIXED-LENGTH DATA ELEMENTS
- fixed length control field: 110405|||a|||||| | ||| d
040 ## - CATALOGING SOURCE
- Original cataloging agency: dpl
- Transcribing agency: dpl
150 ## - HEADING--TOPICAL TERM
- Topical term or geographic name as entry element: Painting, Indic
- Geographic subdivision: India
- Geographic subdivision: Jammu and Kashmir.
670 ## - SOURCE DATA FOUND
- Source citation: Work cat.: (dpl)51372: Goswamy, Karuna 27053, Kashmiri painting :, 1998
670 ## - SOURCE DATA FOUND
- Source citation: Work cat.: (dpl)51372: Goswamy, Karuna 27053, Kashmiri painting :, 1998
